00175nam a2200061Ia 4500245003300000100003900033008004100072 0aDie liefdespaljas van Kadot  a GRIESSEL. Nita Pretoria. 2001 210825s9999 xx 000 0 und d